Normal view MARC view
  • Samaniego, Félix María de,

Entry Nombre Personal

Number of records used in: 9

001 - NUMERO DE CONTROL

  • campo de control: 29923

003 - IDENTIFICADOR DE NUMERO DE CONTROL

  • campo de control: UPN

005 - FECHA Y HORA DE LA ÜLTIMA TRANSACCIÓN

  • campo de control: 20220817125039.0

008 - DATOS DE LONGITUD FIJA

  • campo de control de longitud fija: 220817nn acannaabn n aaa d

035 ## - NUMERO DE CONTROL

  • Número de control: UPN11000002029

040 ## - FUENTE DE CATALOGACIÓN

  • Lenguaje de catalogación: SPA
  • Agencia de transcripción: UPN
  • Agencia original de catalogación: UPN

053 #4 - NÚMERO DE CLASIFICACIÓN LC

  • Número de clasificación elemento-número único o número inicial de tramo: PQ6563 S5

100 1# - ENCABEZAMIENTO - NOMBRE PERSONAL

  • Nombre personal: Samaniego, Félix María de,
  • Fechas asociadas con el nombre: 1745-1801

670 ## - FUENTE EN LA QUE SE LOCALIZARON DATOS

  • Cita de la fuente: Salvat universal

902 ## - CATALOGADOR

  • Catalogador: DAA/230908